| 000 | 00961cam a2200241 a 4500 | ||
|---|---|---|---|
| 999 |
_c7678 _d7678 |
||
| 005 | 20200317153153.0 | ||
| 008 | 070118s2008 ilua 000 0 eng | ||
| 020 | _a9781568987101 (pbk.) | ||
| 035 | _a(OCoLC)ocm80019981 | ||
| 082 | 0 | 0 |
_a720.92/2 _222 _bLEW |
| 100 | 1 |
_aLewis, Paul, _d1966- |
|
| 245 | 1 | 0 |
_aLewis.Tsurumaki.Lewis : _bopportunistic architecture / _cPaul Lewis, Marc Tsurumaki, David J. Lewis. |
| 250 | _a1st ed. | ||
| 260 |
_aChicago : _bGraham Foundation for Advanced Studies in the Fine Arts ; _aNew York : _bPrinceton Architectural Press, _cc2008. |
||
| 300 |
_a192 p. : _bill. (chiefly col.) ; _c26 cm. |
||
| 440 | 0 | _aNew voices in architecture | |
| 610 | 2 | 0 | _aLewis.Tsurumaki.Lewis. |
| 650 | 0 |
_aArchitecture, Modern _y21st century. |
|
| 700 | 1 |
_aTsurumaki, Marc, _d1965- |
|
| 700 | 1 |
_aLewis, David J., _d1966- |
|
| 856 | 4 | 2 |
_3Contributor biographical information _uhttp://www.loc.gov/catdir/enhancements/fy0732/2007002186-b.html |
| 942 | _2ddc | ||